000 01117nam a22002297a 4500
999 _c57320
_d57320
005 20200520145801.0
008 200520s2020gw xxu||||| |||| 00| 0 ger d
020 _a9789941821004
080 _a34(4) G-30
245 _aGeorgische Gesetze auf Deutsch : ქართული კანონები გერმანულად /
_cEter Chachanidze ; Ilia Meskhidze ; Lasha Kalandadze ; Ketevan Pkhakadze.
264 _aTbilisi,
_c2020.
300 _a569 p.:
_c29 cm.
653 _aGeorgische Gesetze auf Deutsch
653 _aქართული კანონები გერმანულად
653 _aსამართალი
700 _aChachanidze, Eter
_eმთარგმნელი
_98121
700 _aMeskhidze, Ilia
_eმთარგმნელი
_98122
700 _aKalandadze, Lasha
_eმთარგმნელი
_98123
700 _aPkhakadze, Ketevan
_eმთარგმნელი
_98124
856 _uhttp://lawlibrary.info/ge/books/2020giz-ge-Georgische-Gesetze-auf-Deutsch.pdf
_yელექტრონული ვერსია
942 _2udc
_cBK